000 01253nam a22002297a 4500
005 20210325191648.0
008 s2541 th tha d
041 _atha
090 _aว HG5772 ธ464ร 2541
100 0 _aธัญญาทิพย์ ศรีพนา
245 1 0 _aแนวโน้มการลงทุนของญี่ปุ่นและกลุ่มประเทศอุตสาหกรรมใหม่ในเวียดนาม
260 3 _aกรุงเทพฯ :
_bสถาบันเอเชียศึกษา จุฬาลงกรณ์มหาวิทยาลัย,
_c2541
300 _a154 หน้า :
_b ตาราง ;
_c 29 ซม.
650 0 4 _aการลงทุนของญี่ปุ่น -- เวียดนาม -- วิจัย
650 0 4 _aการลงทุนของต่างประเทศ -- เวียดนาม -- วิจัย
650 0 4 _aเวียดนาม -- ภาวะเศรษฐกิจ -- วิจัย
850 _aNALT
942 _cRSH
997 _aบ 6871 ฉ.1/ บ 6872 ฉ.2
_kVC
997 _c000000000029152
998 _aนางสาวสายฝน ดีงาม
999 _c29152
_d29152